Southville International School and Colleges
Your cart is empty.
  • Cart
  • Lists
    Public lists Eva Luna New books Lux_list list_1
    Your lists Log in to create your own lists
  • Log in to your account
  • Your cookies
  • Search history
Southville International School and Colleges
  • Advanced search
  • Recent comments
  • Most popular
  • Libraries

Log in to your account

Log in with GOOGLE


If you do not have an external account, but do have a local account, you can still log in:

  1. Home
  2. MARC view: Total quality management
Normal view MARC view ISBD view

Total quality management (Record no. 365253)

[ view plain ]
MARC details
000 -LEADER
fixed length control field 00620nam a22001937a 4500
003 - CONTROL NUMBER IDENTIFIER
control field 0
005 - DATE AND TIME OF LATEST TRANSACTION
control field 20230904150939.0
008 - FIXED-LENGTH DATA ELEMENTS--GENERAL INFORMATION
fixed length control field 230904b xxu||||| |||| 00| 0 eng d
020 ## - INTERNATIONAL STANDARD BOOK NUMBER
International Standard Book Number 978-621-427-142-9
050 ## - LIBRARY OF CONGRESS CALL NUMBER
Classification number HD 62.15
Item number .Se47 2023
100 ## - MAIN ENTRY--PERSONAL NAME
Personal name Serrano, Angelita Ong Camilar
245 ## - TITLE STATEMENT
Title Total quality management
Statement of responsibility, etc Angelita Ong Camilar-Serrano
250 ## - EDITION STATEMENT
Edition statement Second edition
260 ## - PUBLICATION, DISTRIBUTION, ETC. (IMPRINT)
Place of publication, distribution, etc Manila
Name of publisher, distributor, etc Unlimited Books Library Services & Publishing Inc.
Date of publication, distribution, etc c2023.
300 ## - PHYSICAL DESCRIPTION
Extent x, 260 pages ;
Dimensions 26 cm.
500 ## - GENERAL NOTE
General note Total quality management.
504 ## - BIBLIOGRAPHY, ETC. NOTE
Bibliography, etc Includes bibliographical references.
942 ## - ADDED ENTRY ELEMENTS (KOHA)
Source of classification or shelving scheme Library of Congress Classification
Koha item type Books
Holdings
Withdrawn status Lost status Source of classification or shelving scheme Damaged status Home library Current library Shelving location Date acquired Source of acquisition Sub Shelving location Total Checkouts Full call number Barcode Date last seen Price effective from Koha item type
    Library of Congress Classification   College Library College Library Filipiniana Section 09/04/2023 Library Fund     HD 62.15 .Se47 2023 C22964 09/04/2023 09/04/2023 Books

Total quality management

APA

Serrano A. O. C., . (2023). Total quality management. Manila: Unlimited Books Library Services & Publishing Inc.

Chicago

Serrano Angelita Ong Camilar, . 2023. Total quality management. Manila: Unlimited Books Library Services & Publishing Inc.

Harvard

Serrano A. O. C., . (2023). Total quality management. Manila: Unlimited Books Library Services & Publishing Inc.

MLA

Serrano Angelita Ong Camilar, . Total quality management. Manila: Unlimited Books Library Services & Publishing Inc. 2023.

  • Place hold
  • Print
  • Cite
  • Add to your cart (remove)
  • Save record
    BIBTEX Dublin Core MARCXML MARC (non-Unicode/MARC-8) MARC (Unicode/UTF-8) MARC (Unicode/UTF-8, Standard) MODS (XML) RIS
  • More searches
    Search for this title in:
    Other Libraries (WorldCat) Other Databases (Google Scholar) Online Stores (Bookfinder.com) Open Library (openlibrary.org)

Exporting to Dublin Core...

SOUTHVILLE LIBRARY

Southville International School and Colleges Library

1281 Tropical Ave. Cor. Luxembourg St., BF Homes International, Las Pinas City

Tel. No. 8256374 / 252358 Loc. 117/146

Powered by Koha